| 000 | 00357nam a2200133Ia 4500 | ||
|---|---|---|---|
| 005 | 20251222143257.0 | ||
| 008 | 251222s9999||||xx |||||||||||||| ||spa|| | ||
| 020 | _a9972-57-102-5 | ||
| 082 | _a333.758.5/G14 | ||
| 100 | _aGalarza, Elsa | ||
| 245 | 0 | _aLa Competitividad de Cluster Forestal de la Madera: | |
| 264 | _bUniversidad del PacĂfico | ||
| 942 | _cLIB | ||
| 999 |
_c15171 _d15171 |
||